| 000 | 00428cam a2200181ua 4500 | ||
|---|---|---|---|
| 020 | _c3.00 | ||
| 041 |
_ahin _h |
||
| 082 |
_a891.54 _bSAT/SH |
||
| 100 | _aSatyakam, Vidyalankar . | ||
| 245 |
_aShabd purush / _cSatyakam vidyalankar. _hTextual Documents |
||
| 250 |
_a1 / _b. |
||
| 260 |
_a : _bRajpal and Sanch , _c1962. |
||
| 300 | _a208 ; . | ||
| 365 | _a3.00 | ||
| 504 | _a | ||
| 942 | _cBK | ||
| 999 |
_c8326 _d8326 |
||